Statistics for Largest Countries Containing 'B'

Click here to take the quiz!

General Stats

  • This quiz has been taken 425 times
  • The average score is 14 of 20

Answer Stats

kmCountrymi% Correct
8,515,767Brazil3,287,597
99%
1,098,580Bolivia424,163
90%
600,370Botswana224,610
81%
1,141,748Colombia440,831
75%
147,570Bangladesh56,977
73%
2,345,409D.R. Congo905,355
73%
1,759,540Libya679,359
73%
2,149,690Saudi Arabia830,000
73%
207,560Belarus80,155
72%
825,418Namibia318,696
70%
342,000R. of Congo132,047
69%
801,590Mozambique309,496
68%
390,580Zimbabwe150,871
67%
752,614Zambia290,587
64%
447,400Uzbekistan172,742
63%
274,200Burkina Faso105,869
60%
181,035Cambodia69,898
57%
676,578Burma261,227
51%
622,984C.A.R.240,534
49%
267,667Gabon103,347
47%

Score Distribution

Percentile by Number Answered

Percent of People with Each Score

Your Score History

You have not taken this quiz